The Ultimate book of Kid Concoctions / (Record no. 106239)
[ view plain ]
| 000 -LEADER | |
|---|---|
| fixed length control field | 00431nam a2200157 a 4500 |
| 005 - DATE AND TIME OF LATEST TRANSACTION | |
| control field | 20140412111426.0 |
| 008 - FIXED-LENGTH DATA ELEMENTS--GENERAL INFORMATION | |
| fixed length control field | 090630s19uu xx 00 eng d |
| 020 ## - INTERNATIONAL STANDARD BOOK NUMBER | |
| International Standard Book Number | 0-439-65023-2 |
| 050 ## - LIBRARY OF CONGRESS CALL NUMBER | |
| Classification number | M 745.5 |
| Item number | T59 2004 |
| 100 ## - MAIN ENTRY--PERSONAL NAME | |
| Personal name | Thomas, John |
| 245 ## - TITLE STATEMENT | |
| Title | The Ultimate book of Kid Concoctions / |
| Statement of responsibility, etc | John and Danita Thomas. |
| 260 ## - PUBLICATION, DISTRIBUTION, ETC. (IMPRINT) | |
| Place of publication, distribution, etc | U.S.A : |
| Name of publisher, distributor, etc | Scholastic, |
| Date of publication, distribution, etc | 2004. |
| 300 ## - PHYSICAL DESCRIPTION | |
| Extent | 80p. |
| 700 ## - ADDED ENTRY--PERSONAL NAME | |
| Personal name | Thomas, Danita |
| Withdrawn status | Lost status | Damaged status | Use restrictions | Home library | Current library | Shelving location | Date acquired | Source of acquisition | Cost, normal purchase price | Total Checkouts | Full call number | Barcode | Date last seen | Price effective from | Koha item type |
|---|---|---|---|---|---|---|---|---|---|---|---|---|---|---|---|
| Elizalde Library | Elizalde Library | Main Section | 06/30/2009 | 50.00 | M 745.5 T59 2004 | E11473 | 04/12/2014 | 04/12/2014 | Books |